000
00335nam a2200145Ia 4500
100
_a
Peterson/ Davie
250
_a
3
942
_c
BK
654
_a
computer
245
_a
Computer Networks : Protocols standards and interfaces
260
_b
Morgan kaufmann pub
_c
2003
082
_a
4.6
_b
PET
300
_a
813
546
_a
ENGLISH
999
_c
28147
_d
28147